000 07286nam a22006857a 4500
005 20120504104526.0
010 _aB-453115-155
020 _a9788123728056
_c30.00
035 _aB-453115-155
037 _bAllied Pub /Ven
082 _a921
100 _aBandyopadhyay, Sunil
_946872
245 _aHarinath De :
_cby Sunil Bandyopadhyay ; translated by Aditi Mukherjee
_bphilanthropist and linguist /
260 _aNew Delhi
_bNational book Trust
_c2008
300 _a74p.
_c22 cm. (pbk)
490 _aNational biography
_946873
500 _aIncludes bibliographical references
942 _2ddc
_cEN
_h921
_mDEH
999 _c66151
_d66151